• 首页
  • 本馆介绍
  • 公告通知
  • 最新文献
  • 馆藏检索
  • 电子资源
  • 读者导购
  • 参考咨询
  • 我的图书馆
  • 登录
  • 详细信息显示
  • 放入我的书架
  • 预约/预借图书
  • 作者相关作品
  • 分类相关作品
  • 丛书相关作品
  • 出版社相关作品

书目信息

  • 表格格式
  • 工作单格式
  • 卡片格式
题名:
生生不息的植物
    
 
作者: 严玲璋 主编
分册:  
出版信息: 上海   上海科学技术文献出版社  2005
页数: 230页
开本: 25cm
丛书名: 《原来如此》丛书
单 册:
中图分类: Q94-49
科图分类:
主题词: 植物学--普及读物
电子资源:
ISBN: 7-5439-2570-2
000 00888nam0 2200253 450
001 TS2006036540
005 20061207150829.06
010    @a7-5439-2570-2@dCNY28.00
100    @a20060829d2005 em y0chiy0110 ea
101 0  @achi
102    @aCN@b310000
105    @aa z 000yy
200 1  @a生生不息的植物@ASheng Sheng Bu Xi De Zhi Wu@f严玲璋主编@FYan Ling Zhang Zhu Bian
210    @a上海@c上海科学技术文献出版社@d2005
215    @a230页@c图@d25cm
225 2  @a《原来如此》丛书
300    @a上海科普创作出版专项资金的资助
330    @a本书是以植物为主题的科普读物,包括《植物的情感世界》、《果鲜花艳的桃》、《扫雷植物》、《生命禁区中的植物》、《蓝色月季真的有吗》等数十篇文章。
410  0 @12001 @a《原来如此》丛书
606 0  @a植物学@x普及读物
690    @aQ94-49@v4
701  0 @a严玲璋@AYan Ling Zhang@4主编
801  0 @aCN@b中图数据@c20061207
905    @a10447@dQ94-49@e148
    
    生生不息的植物/严玲璋主编.-上海:上海科学技术文献出版社,2005
    230页:图;25cm.-(《原来如此》丛书)
    上海科普创作出版专项资金的资助
    
    ISBN 7-5439-2570-2:CNY28.00
    本书是以植物为主题的科普读物,包括《植物的情感世界》、《果鲜花艳的桃》、《扫雷植物》、《生命禁区中的植物》、《蓝色月季真的有吗》等数十篇文章。
●
相关链接 在E读中查询图书 在五车中查询图书 在当当中查询图书 在豆瓣中查询图书


正题名:生生不息的植物     索取号:Q94-49/148         预约/预借

序号 登录号 条形码 馆藏地/架位号 状态 备注
1 0601724   206017246   第二样本阅览室/ [索取号:Q94-49/148] 在馆    
2 0601725   206017255   第三借阅区/ [索取号:Q94-49/148] 在馆    
3 0601726   206017264   第三借阅区/ [索取号:Q94-49/148] 在馆    
唐山师范学院图书馆 欢迎您!
大连网信软件有限公司© 版权所有